<?xml version="1.0" encoding="UTF-8"?>
<record
    xmlns:xsi="http://www.w3.org/2001/XMLSchema-instance"
    xsi:schemaLocation="http://www.loc.gov/MARC21/slim http://www.loc.gov/standards/marcxml/schema/MARC21slim.xsd"
    xmlns="http://www.loc.gov/MARC21/slim">

  <leader>01917nam a22002897a 4500</leader>
  <controlfield tag="003">OSt</controlfield>
  <controlfield tag="005">20260515114406.0</controlfield>
  <controlfield tag="006">a|||||o|||| 00| 0</controlfield>
  <controlfield tag="008">260121b        |||||||| |||| 00| 0 eng d</controlfield>
  <datafield tag="022" ind1=" " ind2=" ">
    <subfield code="a">1532-9194</subfield>
  </datafield>
  <datafield tag="040" ind1=" " ind2=" ">
    <subfield code="a">TBS</subfield>
    <subfield code="b">EN</subfield>
    <subfield code="c">TBS</subfield>
  </datafield>
  <datafield tag="041" ind1=" " ind2=" ">
    <subfield code="a">eng</subfield>
  </datafield>
  <datafield tag="100" ind1=" " ind2=" ">
    <subfield code="a">Bach, David</subfield>
    <subfield code="9">27091</subfield>
    <subfield code="e">author</subfield>
  </datafield>
  <datafield tag="245" ind1=" " ind2=" ">
    <subfield code="a">What every CEO needs to know about nonmarket strategy</subfield>
    <subfield code="c">/ David Bach, David Bruce Allen. </subfield>
  </datafield>
  <datafield tag="260" ind1=" " ind2=" ">
    <subfield code="b">MIT Sloan Management Review,</subfield>
    <subfield code="c">2010</subfield>
  </datafield>
  <datafield tag="300" ind1=" " ind2=" ">
    <subfield code="a">41-48 pages.</subfield>
  </datafield>
  <datafield tag="362" ind1=" " ind2=" ">
    <subfield code="a">MIT Sloan management review, 2010-03, Vol.51 (3), p.41-48</subfield>
  </datafield>
  <datafield tag="520" ind1=" " ind2=" ">
    <subfield code="a">
Nonmarket strategy recognizes that businesses are social and political beings, not just economic agents. Because companies create and distribute value, a plethora of actors seek to influence them - formally, through laws and regulation, and informally, through social pressure, activism and efforts to shape the public perception of business. Companies can't escape this. Smart executives, therefore, engage with their social and political environment, helping shape the rules of the game and reducing the risk of being hemmed in by external actors. Yet, few companies are prepared to do the hard work and commit long term to developing an effective nonmarket strategy. Fewer still understand how to integrate market and nonmarket strategies to sustain competitive advantage. Defending intellectual property rights and demonstrating good corporate citizenship are just two of the many nonmarket issues facing CEOs.</subfield>
  </datafield>
  <datafield tag="630" ind1=" " ind2="0">
    <subfield code="a">MSc International Business</subfield>
    <subfield code="9">26977</subfield>
  </datafield>
  <datafield tag="650" ind1=" " ind2="0">
    <subfield code="a">Social responsibility of business</subfield>
    <subfield code="9">2683</subfield>
  </datafield>
  <datafield tag="650" ind1=" " ind2="0">
    <subfield code="a">Corporate governance</subfield>
    <subfield code="9">7297</subfield>
  </datafield>
  <datafield tag="650" ind1=" " ind2="0">
    <subfield code="a">Corporate culture</subfield>
    <subfield code="9">5314</subfield>
  </datafield>
  <datafield tag="650" ind1=" " ind2="0">
    <subfield code="a">Organizational change</subfield>
    <subfield code="x">Management</subfield>
    <subfield code="9">3673</subfield>
  </datafield>
  <datafield tag="700" ind1=" " ind2=" ">
    <subfield code="a">Allen, David Bruce</subfield>
    <subfield code="9">27093</subfield>
    <subfield code="e">author</subfield>
  </datafield>
  <datafield tag="856" ind1=" " ind2=" ">
    <subfield code="u">https://research.ebsco.com/linkprocessor/plink?id=631c6175-d0c3-3164-8529-b3cea4e32ea0</subfield>
  </datafield>
  <datafield tag="942" ind1=" " ind2=" ">
    <subfield code="2">lcc</subfield>
    <subfield code="c">ARTICLE</subfield>
  </datafield>
  <datafield tag="952" ind1=" " ind2=" ">
    <subfield code="0">0</subfield>
    <subfield code="1">0</subfield>
    <subfield code="2">lcc</subfield>
    <subfield code="4">0</subfield>
    <subfield code="7">0</subfield>
    <subfield code="8">CT</subfield>
    <subfield code="a">TBS</subfield>
    <subfield code="b">TBS</subfield>
    <subfield code="d">2026-05-15</subfield>
    <subfield code="l">0</subfield>
    <subfield code="p">5208</subfield>
    <subfield code="r">2026-05-15</subfield>
    <subfield code="u">https://research.ebsco.com/linkprocessor/plink?id=631c6175-d0c3-3164-8529-b3cea4e32ea0</subfield>
    <subfield code="w">2026-05-15</subfield>
    <subfield code="y">ARTICLE</subfield>
  </datafield>
  <datafield tag="999" ind1=" " ind2=" ">
    <subfield code="c">5208</subfield>
    <subfield code="d">5208</subfield>
  </datafield>
</record>
